01258naa a22003257a 4500001001000000003000900010005001700019007000300036008003400039040005400073041000900127072001400136090001800150100002000168100002100188100001800209100001900227111010200246245003800348260003800386500012400424650001000548650001300558650002200571773012100593909003600714942001400750999001900764952014900783BR9509938BR-BrBNA20240918181439.0ta230509b bl.||||| |||| 00| 0 por d aBR-BrBNAbporcBiblioteca Nacional de Agricultura a(Pt) aF30b0140 aF30 BR95099381 aFederizzi, L.C.1 aCarvalho, F.I.F.1 aPacheco, M.T.1 aBaptista, R.L.1 a15. Reuniao da Comissao Sulbrasileira de Pesquisa de AveiacEntre Rios, PR (Brazil)d5-7 Apr 19951 aEnsaio sulbrasileiro de linhagens3 aGuarapuava, PR (Brasil): c1995.  a15. Reuniao da Comissao Sulbrasileira de Pesquisa de Aveia Guarapuava, PR (Brasil): 1995. p. 136-138 (BR9509938-AM)F30  aAveia aLinhagem aRio Grande do Sul0 t15. Reuniao da Comissao Sulbrasileira de Pesquisa de AveiawF30 BR9509938gGuarapuava, PR (Brasil), 1995. p. 136-138 a202404bLuciac55dLucia Elande cAM2AGRIS c325300d325300 002AGRIS40708Acervo Gerala41918b41918cAgrobasel0o0140 BR9509903r2024-05-20t01yAM10d2024-04-11ePortaria Interministerial nÂș 164/94